[Event "Brasschaat op 17th"]
[Site "Brasschaat"]
[Date "2017.08.19"]
[Round "1"]
[White "Schuermans, Robert"]
[Black "Ponnet, Guy"]
[Result "1-0"]
[WhiteElo "2172"]
[BlackElo "1684"]
[PlyCount "105"]
[EventDate "2017.08.19"]
[EventType "swiss"]
[EventRounds "9"]
[EventCountry "BEL"]
[SourceTitle "CBM 180 Extra"]
[Source "ChessBase"]
[SourceDate "2017.10.06"]
[SourceVersion "1"]
[SourceVersionDate "2017.10.06"]
[SourceQuality "1"]

1. e4 d5 2. exd5 Qxd5 3. Nc3 Qa5 4. d4 e5 5. dxe5 Nc6 6. Bb5 Bd7 7. Qe2 Bb4 8. Bd2 Nge7 9. Nf3 0-0-0 10. 0-0 Bg4 11. Bxc6 Nxc6 12. a3 Nd4 13. Qe4 Bxf3 14. gxf3 Bxc3 15. Bxc3 Qd5 16. Qxd5 Ne2+ 17. Kg2 Rxd5 18. Rfe1 Nxc3 19. bxc3 Rhd8 20. f4 Rd2 21. Rac1 R8d5 22. Re3 Kd8 23. e6 fxe6 24. Rxe6 Rf5 25. Re4 Rf7 26. Kf3 Re7 27. Re5 h6 28. Ke3 Rd5 29. Ke4 Rd2 30. Rg1 Rxf2 31. Rxe7 Re2+ 32. Kf5 Rxe7 33. Kg6 Ke8 34. f5 Kf8 35. Rd1 Ke8 36. h4 c6 37. Rd6 Rc7 38. Re6+ Kf8 39. f6 Rf7 40. Rd6 gxf6 41. Rxf6 Rxf6+ 42. Kxf6 b5 43. Ke6 c5 44. Kd5 Ke7 45. Kxc5 a6 46. Kb6 Kd6 47. c4 bxc4 48. c3 h5 49. Kxa6 Kc5 50. a4 Kc6 51. a5 Kc7 52. Kb5 Kb7 53. Kxc4 1-0

[Event "Brasschaat op 13th"]
[Site "Brasschaat"]
[Date "2013.08.17"]
[Round "1"]
[White "Docx, Stefan"]
[Black "Ponnet, Guy"]
[Result "1-0"]
[WhiteElo "2490"]
[BlackElo "1732"]
[PlyCount "69"]
[EventDate "2013.08.17"]
[EventType "swiss"]
[EventRounds "9"]
[EventCountry "BEL"]
[SourceTitle "CBM 156 Extra"]
[Source "ChessBase"]
[SourceDate "2013.10.22"]
[SourceVersion "1"]
[SourceVersionDate "2013.10.22"]
[SourceQuality "1"]

1. c4 d6 2. g3 f5 3. Bg2 Nf6 4. Nc3 g6 5. d3 Bg7 6. e4 c6 7. h4 Na6 8. h5 Ng4 9. Nge2 Qb6 10. d4 e5 11. h6 Bf8 12. Bg5 Be7 13. Bxe7 Kxe7 14. Qd2 Be6 15. b3 Rhf8 16. f3 Nf6 17. exf5 Bxf5 18. g4 Be6 19. 0-0-0 Rad8 20. Bh3 Qb4 21. Qe3 Nd7 22. f4 Qb6 23. fxe5 dxe5 24. Qg5+ Ke8 25. dxe5 Qa5 26. Ne4 Rf3 27. Nd6+ Kf8 28. Nd4 Ndc5 29. Nxf3 Qa3+ 30. Kb1 Rd7 31. Nd4 Nb4 32. Rd2 Bxc4 33. Nxc4 Qa6 34. Qf6+ Kg8 35. Rf1 1-0

[Event "Aalst op 15th"]
[Site "Aalst"]
[Date "2013.05.22"]
[Round "6"]
[White "Ponnet, Guy"]
[Black "Hajenius, Willem"]
[Result "0-1"]
[WhiteElo "1732"]
[BlackElo "1913"]
[PlyCount "120"]
[EventDate "2013.04.17"]
[EventType "swiss"]
[EventRounds "9"]
[EventCountry "BEL"]
[SourceTitle "EXT 2014"]
[Source "ChessBase"]
[SourceDate "2013.11.20"]
[SourceVersion "1"]
[SourceVersionDate "2013.11.20"]
[SourceQuality "1"]

1. e4 c5 2. c3 Nf6 3. e5 Nd5 4. d4 cxd4 5. cxd4 d6 6. Bc4 Nb6 7. Bb5+ Nc6 8. Nc3 a6 9. Ba4 Nxa4 10. Qxa4 Bd7 11. exd6 b5 12. Qd1 exd6 13. Qe2+ Be7 14. Nf3 0-0 15. 0-0 Re8 16. Nd5 Bf8 17. Qd3 h6 18. Bd2 Be6 19. Ne3 d5 20. Rac1 Qd7 21. Rfe1 Bd6 22. Nh4 Ne7 23. h3 Bxh3 24. Nxd5 Nxd5 25. Qxh3 Qxh3 26. gxh3 Bf4 27. Rc2 Rxe1+ 28. Bxe1 Re8 29. Ng2 Re4 30. Rc8+ Kh7 31. Ra8 Rxd4 32. Rxa6 Be5 33. Kf1 Rd3 34. Ra5 Nc7 35. h4 Bxb2 36. Ke2 Rd5 37. Ne3 Rd4 38. Nf5 Re4+ 39. Ne3 Rxh4 40. f3 Ra4 41. Nd1 Be5 42. Kd3 Rxa5 43. Bxa5 h5 44. Ke4 Bg3 45. Ne3 g6 46. Nf1 Bd6 47. Ke3 Ne6 48. Ke4 h4 49. Kd5 Bf4 50. Ke4 h3 51. Be1 h2 52. Nxh2 Bxh2 53. Kd5 g5 54. Kc6 Nd4+ 55. Kc5 Bg1 56. Bb4 Kg6 57. a3 Kf5 58. Kb6 Kf4 59. Bc5 Kxf3 60. Bxd4 Bxd4+ 0-1

[Event "Brasschaat op 11th"]
[Site "Brasschaat"]
[Date "2011.08.20"]
[Round "1"]
[White "Schuermans, Robert"]
[Black "Ponnet, Guy"]
[Result "1/2-1/2"]
[WhiteElo "2143"]
[BlackElo "1729"]
[PlyCount "109"]
[EventDate "2011.08.20"]
[EventType "swiss"]
[EventRounds "9"]
[EventCountry "BEL"]
[SourceTitle "CBM 144 Extra"]
[Source "ChessBase"]
[SourceDate "2011.10.28"]
[SourceVersion "1"]
[SourceVersionDate "2011.10.28"]
[SourceQuality "1"]

1. e4 d5 2. exd5 Qxd5 3. Nc3 Qa5 4. d4 e5 5. dxe5 Nc6 6. Qd5 Bb4 7. Qxa5 Bxa5 8. Bd2 Bf5 9. Bb5 Nge7 10. 0-0-0 0-0-0 11. Nf3 Bg4 12. Bg5 Bxc3 13. Rxd8+ Rxd8 14. bxc3 Bxf3 15. gxf3 Rd5 16. Bd3 Rxe5 17. Bf4 Ra5 18. Bxh7 g6 19. Re1 Rxa2 20. Re4 Kd7 21. Bg5 Ra5 22. Rg4 Ke8 23. f4 Rd5 24. h4 Kf8 25. Bh6+ Ke8 26. Rg5 Rxg5 27. fxg5 Nf5 28. h5 Nxh6 29. gxh6 gxh5 30. Bg6 Kf8 31. Bxh5 Ne7 32. Bf3 b6 33. Kb2 Kg8 34. Kb3 Kh8 35. Kb4 Ng8 36. Kb5 a5 37. Kc6 a4 38. Kxc7 Ne7 39. Be2 Nd5+ 40. Kc6 Nxc3 41. Bc4 f6 42. Kxb6 a3 43. Kc5 Kh7 44. Kd4 a2 45. Bxa2 Nxa2 46. c4 Nb4 47. Kc5 Nd3+ 48. Kd4 Nxf2 49. c5 Ng4 50. c6 Ne5 51. c7 Nc6+ 52. Kd5 Ne7+ 53. Ke6 Nc8 54. Kxf6 Kxh6 55. Ke6 1/2-1/2

[Event "Brasschaat op 10th"]
[Site "Brasschaat"]
[Date "2010.08.14"]
[Round "1"]
[White "Ponnet, Guy"]
[Black "Piceu, Tom"]
[Result "0-1"]
[WhiteElo "1750"]
[BlackElo "2362"]
[PlyCount "70"]
[EventDate "2010.08.14"]
[EventType "swiss"]
[EventRounds "9"]
[EventCountry "BEL"]
[SourceTitle "CBM 138 Extra"]
[Source "ChessBase"]
[SourceDate "2010.10.29"]
[SourceVersion "1"]
[SourceVersionDate "2010.10.29"]
[SourceQuality "1"]

1. e4 g6 2. d4 Bg7 3. Nf3 d6 4. Bc4 a6 5. 0-0 b5 6. Bb3 Bb7 7. e5 e6 8. d5 exd5 9. Bxd5 c6 10. Bxf7+ Kxf7 11. Ng5+ Ke8 12. exd6 Bc8 13. Re1+ Kf8 14. d7 Qxd7 15. Ne6+ Qxe6 16. Rxe6 Bxe6 17. Qf3+ Nf6 18. Bg5 Nbd7 19. Nc3 b4 20. Qxc6 Kf7 21. Re1 Rhe8 22. Bxf6 Nxf6 23. Ne4 Nxe4 24. Qxe4 a5 25. Qf3+ Bf6 26. Qb7+ Kf8 27. Qxh7 Bf5 28. Qh6+ Kf7 29. Rxe8 Rxe8 30. Qd2 Bxb2 31. Qd5+ Kg7 32. Qb7+ Kh6 33. h3 Re1+ 34. Kh2 Be5+ 35. g3 Be4 0-1

[Event "Hainaut-ch"]
[Site "Manage"]
[Date "2008.08.23"]
[Round "4.20"]
[White "Jamar, Marc"]
[Black "Ponnet, Guy"]
[Result "0-1"]
[WhiteElo "1368"]
[BlackElo "1673"]
[PlyCount "52"]
[EventDate "2008.08.23"]
[EventType "swiss"]
[EventRounds "9"]
[EventCountry "BEL"]
[SourceTitle "EXT 2024"]
[Source "ChessBase"]
[SourceDate "2023.10.10"]
[SourceVersion "1"]
[SourceVersionDate "2023.10.10"]
[SourceQuality "1"]

1. e4 d6 2. d4 Nf6 3. Nc3 g6 4. Be3 Bg7 5. Qd2 c6 6. 0-0-0 b5 7. Bh6 Bxh6 8. Qxh6 b4 9. e5 bxc3 10. exf6 cxb2+ 11. Kb1 Be6 12. Qg7 Rf8 13. fxe7 Qxe7 14. Nf3 Nd7 15. d5 Bxd5 16. Re1 Be6 17. Qc3 Nc5 18. Nd4 Qc7 19. g4 Rc8 20. f4 Kd7 21. Bg2 Qb6 22. f5 Bd5 23. Bxd5 cxd5 24. Qf3 Ne4 25. Nb3 Rc3 26. f6 Rxf3 0-1

[Event "Nittenau-ch 04th"]
[Site "Nittenau"]
[Date "2004.08.29"]
[Round "5"]
[White "Pilz, Hans"]
[Black "Ponnet, Guy"]
[Result "1/2-1/2"]
[WhiteElo "1569"]
[BlackElo "1698"]
[PlyCount "86"]
[EventDate "2004.08.27"]
[EventType "swiss"]
[EventRounds "5"]
[EventCountry "GER"]
[SourceTitle "EXT 2022"]
[Source "ChessBase"]
[SourceDate "2021.10.06"]
[SourceVersion "1"]
[SourceVersionDate "2021.10.06"]
[SourceQuality "1"]

1. e4 c5 2. f4 e6 3. Nf3 d5 4. Bb5+ Bd7 5. Bxd7+ Nxd7 6. e5 Ne7 7. c3 Nc6 8. 0-0 d4 9. cxd4 cxd4 10. d3 Nb6 11. Nbd2 Nd5 12. Ne4 Qb6 13. Nfg5 h5 14. f5 Ne3 15. Qe2 Nxf5 16. Rxf5 exf5 17. Nd6+ Bxd6 18. exd6+ Kf8 19. Bf4 Re8 20. Qf2 Ne5 21. Bxe5 Rxe5 22. Nf3 Rd5 23. d7 Rxd7 24. Ne5 Rc7 25. Re1 g6 26. Nc4 Rxc4 27. dxc4 Kg7 28. Kf1 Rd8 29. b3 Qd6 30. h3 d3 31. Qd2 Qd4 32. Re7 Rd7 33. Rxd7 Qxd7 34. Qc3+ f6 35. Qd2 Qd4 36. c5 Qxc5 37. Qxd3 Qc1+ 38. Ke2 Qb2+ 39. Kf3 Qxa2 40. Qd7+ Kh6 41. Qf7 Qb2 42. Qf8+ Kh7 43. Qf7+ Kh6 1/2-1/2

[Event "Nittenau-ch 04th"]
[Site "Nittenau"]
[Date "2004.08.29"]
[Round "4"]
[White "Ponnet, Guy"]
[Black "Jovic, Slavko"]
[Result "1-0"]
[WhiteElo "1698"]
[BlackElo "1546"]
[PlyCount "77"]
[EventDate "2004.08.27"]
[EventType "swiss"]
[EventRounds "5"]
[EventCountry "GER"]
[SourceTitle "EXT 2022"]
[Source "ChessBase"]
[SourceDate "2021.10.06"]
[SourceVersion "1"]
[SourceVersionDate "2021.10.06"]
[SourceQuality "1"]

1. e4 c5 2. c3 Nc6 3. d4 e6 4. Bd3 cxd4 5. Ne2 e5 6. f4 d6 7. 0-0 Nf6 8. cxd4 exd4 9. Nd2 Be7 10. Nf3 Qb6 11. Kh1 Bg4 12. b3 0-0 13. Bb2 Bxf3 14. Rxf3 Nd7 15. e5 h6 16. exd6 Bxd6 17. Nxd4 Nxd4 18. Bxd4 Bc5 19. Bb2 Nf6 20. Rc1 Rad8 21. Bxf6 gxf6 22. Rg3+ Kh8 23. Qh5 f5 24. Qxf5 Rxd3 25. Rxd3 Bd4 26. Rc8 Bg7 27. Rxf8+ Bxf8 28. Qxf7 Qc5 29. Qf6+ Bg7 30. Qd8+ Kh7 31. Rd1 Qf5 32. Qd3 Qxd3 33. Rxd3 Kg6 34. Rd7 b6 35. Rxa7 Bd4 36. Rd7 Bc5 37. Rd5 h5 38. Rxc5 bxc5 39. a4 1-0

[Event "Nittenau-ch 04th"]
[Site "Nittenau"]
[Date "2004.08.28"]
[Round "2"]
[White "Ponnet, Guy"]
[Black "Fischer, Bastian"]
[Result "1/2-1/2"]
[WhiteElo "1698"]
[BlackElo "1254"]
[PlyCount "70"]
[EventDate "2004.08.27"]
[EventType "swiss"]
[EventRounds "5"]
[EventCountry "GER"]
[SourceTitle "EXT 2022"]
[Source "ChessBase"]
[SourceDate "2021.10.06"]
[SourceVersion "1"]
[SourceVersionDate "2021.10.06"]
[SourceQuality "1"]

1. e4 c5 2. c3 d5 3. exd5 Qxd5 4. d4 e5 5. dxe5 Qxe5+ 6. Be2 Bg4 7. Qa4+ Bd7 8. Qb3 b6 9. Nf3 Qe6 10. c4 Be7 11. Nc3 Nf6 12. 0-0 Bc6 13. Bg5 0-0 14. Rfe1 Qd6 15. Rad1 Qc7 16. Bxf6 Bxf6 17. Nd5 Bxd5 18. Rxd5 Nc6 19. a3 Nd4 20. Nxd4 Bxd4 21. Qc2 Qf4 22. Bd3 g6 23. g3 Qf3 24. Be4 Qf6 25. Rxd4 Qxd4 26. Bxa8 Rxa8 27. Re4 Qf6 28. Qe2 Qc6 29. b3 Kf8 30. f3 Rd8 31. Re3 Qd7 32. Kg2 f5 33. Qb2 Qd2+ 34. Re2 Qxb2 35. Rxb2 Rd7 1/2-1/2